Výběr souborných příkladů účtování pro účetní a jiné ekonomické pracovníky

Saved in:
Bibliographic Details
Main Author: Jindrák, Jaroslav
Format: Book
Language:Czech
Published: Praha Závěrka [1993]
Edition:1. vyd.
Subjects:
Tags: Add Tag
No Tags, Be the first to tag this record!

MARC

LEADER 00000nam a2200000 4500
001 c004511
005 20221214083134.6
041 0 |a cze 
044 |a CZ 
245 1 0 |a Výběr souborných příkladů účtování pro účetní a jiné ekonomické pracovníky  |c Jaroslav Jindrák 
250 |a 1. vyd. 
264 1 |a Praha  |b Závěrka  |c [1993] 
300 |a 137 s. 
610 2 0 |a podnikatelia 
610 2 0 |a osnova účtová 
610 2 0 |a triedy účtové 
610 2 0 |a účty 
610 2 0 |a 1993 
610 2 0 |a podnik 
610 2 0 |a Česko 
100 1 |a Jindrák, Jaroslav